Zwerge mit Buddelhosen und Gummistiefeln: die Waldgruppe der Evangelisch-Freikirchlichen Kindertagesstätte Elstal e.V. als Beispiel gemeindenaher Diakonie
| Main Author: | |
|---|---|
| Format: | Print Article |
| Language: | German |
| Check availability: | HBZ Gateway |
| Interlibrary Loan: | Interlibrary Loan for the Fachinformationsdienste (Specialized Information Services in Germany) |
| Published: |
2003
|
| In: |
Diakonische Kirche
Year: 2003, Pages: 208-217 |
| Standardized Subjects / Keyword chains: | B
Wustermark-Elstal
/ Kindergarten in the woods
/ Baptists
|
| IxTheo Classification: | KBB German language area KDG Free church RK Charity work |
| Further subjects: | B
Diaconia
B Nursery school |
MARC
| LEADER | 00000caa a22000002c 4500 | ||
|---|---|---|---|
| 001 | 1444021222 | ||
| 003 | DE-627 | ||
| 005 | 20220613145244.0 | ||
| 007 | tu | ||
| 008 | 121112s2003 xx ||||| 00| ||ger c | ||
| 020 | |a 3825314669 | ||
| 035 | |a (DE-627)1444021222 | ||
| 035 | |a (DE-576)374021228 | ||
| 035 | |a (DE-599)BSZ374021228 | ||
| 040 | |a DE-627 |b ger |c DE-627 |e rakwb | ||
| 041 | |a ger | ||
| 084 | |a 1 |2 ssgn | ||
| 100 | 1 | |0 (DE-588)128468572 |0 (DE-627)373015186 |0 (DE-576)175919135 |4 aut |a Giebel, Astrid |d 1963- | |
| 109 | |a Giebel, Astrid 1963- | ||
| 245 | 1 | 0 | |a Zwerge mit Buddelhosen und Gummistiefeln |b die Waldgruppe der Evangelisch-Freikirchlichen Kindertagesstätte Elstal e.V. als Beispiel gemeindenaher Diakonie |c Astrid Giebel |
| 264 | 1 | |c 2003 | |
| 336 | |a Text |b txt |2 rdacontent | ||
| 337 | |a ohne Hilfsmittel zu benutzen |b n |2 rdamedia | ||
| 338 | |a Band |b nc |2 rdacarrier | ||
| 601 | |a Kindertagesstätte | ||
| 601 | |a Beispiel | ||
| 601 | |a Diakonie | ||
| 650 | 4 | |a Kindergarten | |
| 650 | 4 | |a Diakonie | |
| 652 | |a KBB:KDG:RK | ||
| 689 | 0 | 0 | |d g |0 (DE-588)4782106-1 |0 (DE-627)388722762 |0 (DE-576)216340810 |2 gnd |a Wustermark-Elstal |
| 689 | 0 | 1 | |d s |0 (DE-588)4619203-7 |0 (DE-627)326427341 |0 (DE-576)214330427 |2 gnd |a Waldkindergarten |
| 689 | 0 | 2 | |d s |0 (DE-588)4125244-5 |0 (DE-627)105741663 |0 (DE-576)20957495X |2 gnd |a Baptisten |
| 689 | 0 | |5 (DE-627) | |
| 773 | 0 | 8 | |i In |t Diakonische Kirche |d Heidelberg : Winter, 2003 |g (2003), Seite 208-217 |h 387 S |w (DE-627)360151590 |w (DE-576)102910111 |z 3825314669 |7 nnam |
| 773 | 1 | 8 | |g year:2003 |g pages:208-217 |
| 935 | |a mteo | ||
| 951 | |a AR | ||
| ELC | |b 1 | ||
| ITA | |a 1 |t 1 | ||
| LOK | |0 000 xxxxxcx a22 zn 4500 | ||
| LOK | |0 001 2915498938 | ||
| LOK | |0 003 DE-627 | ||
| LOK | |0 004 1444021222 | ||
| LOK | |0 005 20160405141308 | ||
| LOK | |0 008 160404||||||||||||||||ger||||||| | ||
| LOK | |0 040 |a DE-Tue135 |c DE-627 |d DE-Tue135 | ||
| LOK | |0 092 |o n | ||
| LOK | |0 852 |a DE-Tue135 | ||
| LOK | |0 852 1 |9 00 | ||
| LOK | |0 935 |a ixko |a ixmi | ||
| LOK | |0 936ln |0 1442053275 |a RK | ||
| LOK | |0 936ln |0 1442050470 |a KDG | ||
| LOK | |0 936ln |0 1442044721 |a KBB | ||
| LOK | |0 939 |a 04-04-16 |b l01 | ||
| ORI | |a SA-MARC-ixtheoa001.raw | ||
| STA | 0 | 0 | |a Baptists,Diaconia,Charitable service,Innere Mission,Charity,Charitable service,Kindergarten in the woods,Waldkindergarten,Nursery school,Kindergarten,Kindergarten,Full-day kindergarten,Kindergarten |
| STB | 0 | 0 | |a Baptistes,Diaconie,Jardin d’enfants <Allemagne>,École enfantine,École maternelle,École enfantine,École maternelle,Jardins d'enfants,Jardin d’enfants de plein air |
| STC | 0 | 0 | |a Baptistas,Diaconia,Jardín de infancia,Jardín de infancia al aire libre |
| STD | 0 | 0 | |a Asilo nel bosco,Battisti,Diaconia,Diakonie,Diakonie,Scuola dell'infanzia,Asilo,Scuola materna,Asilo,Scuola materna |
| STE | 0 | 0 | |a 幼儿园,幼儿园,教会慈惠服务,教会服务,教会慈善服务,森林幼儿园,浸信会,浸礼会 |
| STF | 0 | 0 | |a 幼兒園,幼稚園,教會慈惠服務,教會服務,教會慈善服務,森林幼兒園,浸信會,浸禮會 |
| STG | 0 | 0 | |a Batistas,Diaconia,Jardim de infância,Jardim de infância ao ar livre |
| STH | 0 | 0 | |a Баптисты,Детский сад,Диакония,Лесной детский сад |
| STI | 0 | 0 | |a Βαπτιστές,Διακονία,Διακονικό έργο,Νηπιαγωγείο στο δάσος,Νηπιαγωγείο,Παιδικός σταθμός |
| SYE | 0 | 0 | |a Kindergärten,Ganztagskindergarten , Diakonisches Werk im Kirchenbezirk Großenhain,Von-Bodelschwinghsche Anstalten,Zweiganstalten,Von-Bodelschwinghsche Anstalten,Freistatt,Diakonie Freistatt , Evangelische Sozialarbeit |
| TIM | |a 100020021231_100020261231 |b 2002-12-31 - 2026 | ||